000 00569nam a2200229Ia 4500
003 OSt
005 20220924134333.0
006 a|||||r|||| 00| 0
007 ta
008 220923b |||||||| |||| 00| 0 urd d
024 _a273524
037 _cTextual
040 _aARTS
_cARTS
_burd
041 _2urd
_aurd
082 _aU8.541, 168P2
100 _aRafiuddin Hashmi
_9208378
245 0 _aPoshidah tari khak me
260 _c2002
650 _aGEOGRAPHY
942 _hU8.541, 168P2
_cTEXL
_2CC
999 _c437086
_d437086